000 00227 a2200097 4500
001 1132
100 _aJackson, S.P
245 _aSelection and application ofmetallic rectifiers
260 _a
_bMcgrawhill
_c
090 _c694
_d694
942 _aNUST-CAE
_c33533
_cM
999 _c236205
_d236205